00306mam a2200097 a 450008200120000010000190001224500910003126000360012230000090015865000410016700a540 PAU1 aPauling, Linus10aGeneral Chemistry: An Introduction to Descriptive Chemistry and Modern Chemical Theory aNew York, N.Y. :bFreemanc1960 a710p 0aChemistry, Physical and theoretical.